000 01426cam a22003977a 4500
003 CHAP
005 20220329141923.0
008 980609d1984 mx r 00110 spa d
010 _a75739
011 _a76711
035 _a86298
040 _cCHAP
090 _aTesis
100 0 0 _aVelázquez Holguín, Marco Antonio.
_9118554
245 1 0 _aAlgunas características de conos y semillas de Pinus hartwegii Lindl., en Zoquiapan, México
_c/por Marco Antonio Velázquez Holguín
260 _aChapingo, Méx. :
_bEl autor,
_c1984.
300 _a47 h.
502 _aTesis (Ing. Agr. Esp. en Bosques) -- UACH. Departamento de Bosques
590 _aALEPH
_b10
_c20130110
_lUCH01
_h1424
590 _aBATCH-UPD
_b10
_c20130110
_lUCH01
_h0205
590 _aBATCH-UPD
_b10
_c20130110
_lUCH01
_h1110
590 _aBATCH-UPD
_b10
_c20130409
_lUCH01
_h2217
590 _aBATCH-UPD
_b10
_c20130410
_lUCH01
_h1126
590 _aBATCH-UPD
_b10
_c20130914
_lUCH01
_h1034
590 _aCONVERSION
_b10
_c20130109
_lUCH01
_h1341
650 1 4 _aConos.
_927252
650 1 4 _aPináceas
_xMéxico (Edo.)
_988252
650 1 4 _aPináceas
_xSemilla.
_988264
650 1 4 _aPinus hartwegii.
_988340
901 _aBK
905 _aAlejandra Carrasco M.
942 _cFOLL
949 _bBC
_cTES
_d33724000589941
_eTS2
_fc.2
_h32785
_i86298
_sb
949 _bBC
_cTES
_d33724000761300
_eTS2
_fc.3
_h35813
_i86298
_sb
949 _bBC
_cTES
_d862981
_eTS1
_h32784
_i86298
_sb
999 _c75739
_d75739